|
|
|
|
| LEADER |
00000cam a2200000 7i4500 |
| 001 |
0000018822 |
| 005 |
20070321.0 |
| 020 |
|
|
|a 0471740020
|
| 040 |
|
|
|a INS
|
| 090 |
0 |
0 |
|a TD430
|b S24 2006
|
| 100 |
1 |
|
|a Sarai, Darshan Singh
|
| 245 |
0 |
0 |
|a Water treatment made simple :
|b for operators
|c Darshan Singh Sarai
|
| 260 |
|
|
|a New Jersey :
|b John Wiley & Sons ,
|c 2006
|
| 300 |
|
|
|a viii, 263 p. ;
|c 24 cm.
|
| 500 |
|
|
|a Includes bibliographical references and index
|
| 650 |
0 |
0 |
|a Water
|x Purification
|
| 999 |
|
|
|a 0000018443
|b BOOK
|c Open Shelf
|e Default branch
|
| 999 |
|
|
|a 0000018444
|b BOOK
|c Open Shelf
|e Default branch
|